| 000 | 01245nam a22001938a 4500 | ||
|---|---|---|---|
| 999 |
_c6654 _d6654 |
||
| 020 | _a9780538798457 | ||
| 020 | _a0538798459 | ||
| 050 |
_aQA76.63 _b.F22 |
||
| 100 | 1 | _aFarrell, Joyce. | |
| 245 | 1 | 2 |
_aA beginner's guide to programming logic and design : _bcomprehensive / _cby Joyce Farrell. |
| 250 | _aSixth edition, International edition. | ||
| 260 |
_a[Australia] : _bCourse Technology/Cengage Learning, _c2010. |
||
| 300 |
_axxii, 692 pages : _billustrations ; _c24 cm. |
||
| 500 | _aIncludes index. | ||
| 505 | _a1. An Overview of Computers and Logic. 2. Working with Data, Creating Modules, and Designing Quality Programs. 3. Understanding Structure. 4. Making Decisions. 5. Looping. 6. Arrays. 7. File Handling. 8. Advanced Array Manipulation. 9. Advanced Modularization Techniques. 10. Object-Oriented Programming. 11. Event-Driven Programming with Graphical Interface. 12. System Modeling with the UML. 13. Using Relational Databases. 14. Recursion. Appendix A. Flowchart Symbols. Appendix B. Structures. Appendix C. Understanding Numbering Systems and Computer Codes. Appendix D. Solving Difficult Structuring Problems. Appendix E. Creating Print Charts. | ||
| 650 | 0 | _aLogic programming. | |
| 650 | 0 | _aLogic design. | |
| 942 | _cBK | ||